Documento de Trabajo

محفوظ في:
التفاصيل البيبلوغرافية
مؤلف مشترك: CSUCA. Programa Centroamericano de Ciencias Sociales
التنسيق: نص
منشور في: San José: CSUCA
الوسوم: إضافة وسم
لا توجد وسوم, كن أول من يضع وسما على هذه التسجيلة!

MARC

LEADER 00000 a a2200000 04500
001 20441
003
040
090 |a 085605  
110 |a CSUCA. Programa Centroamericano de Ciencias Sociales  
245 |a Documento de Trabajo  
260 |a San José:   |b CSUCA  
300 |a p. irreg.  
999 |c 14153  |d 14153